A wedding in the family / (Record no. 288591)
[ view plain ]
| 000 -LEADER | |
|---|---|
| fixed length control field | 00415nam a22001577a 4500 |
| 003 - CONTROL NUMBER IDENTIFIER | |
| control field | PILC |
| 005 - DATE AND TIME OF LATEST TRANSACTION | |
| control field | 20150903130522.0 |
| 008 - FIXED-LENGTH DATA ELEMENTS--GENERAL INFORMATION | |
| fixed length control field | 150903b xxu||||| |||| 00| 0 eng d |
| 020 ## - INTERNATIONAL STANDARD BOOK NUMBER | |
| International Standard Book Number | 0733510841 |
| 050 ## - LIBRARY OF CONGRESS CALL NUMBER | |
| Classification number | PZ 7 |
| Item number | .F791 1998 |
| 100 ## - MAIN ENTRY--PERSONAL NAME | |
| Personal name | Fox, Susan. |
| 245 ## - TITLE STATEMENT | |
| Title | A wedding in the family / |
| Statement of responsibility, etc | Susan Fox. |
| 260 ## - PUBLICATION, DISTRIBUTION, ETC. (IMPRINT) | |
| Place of publication, distribution, etc | Sydney : |
| Name of publisher, distributor, etc | Harlequin Mills & Boon, |
| Date of publication, distribution, etc | 1998. |
| 300 ## - PHYSICAL DESCRIPTION | |
| Extent | 187 pages ; |
| Dimensions | 19 cm. |
| 942 ## - ADDED ENTRY ELEMENTS (KOHA) | |
| Source of classification or shelving scheme | Library of Congress Classification |
| Koha item type | Books |
| Withdrawn status | Lost status | Source of classification or shelving scheme | Damaged status | Home library | Current library | Shelving location | Date acquired | Source of acquisition | Sub Shelving location | Total Checkouts | Full call number | Barcode | Date last seen | Price effective from | Koha item type |
|---|---|---|---|---|---|---|---|---|---|---|---|---|---|---|---|
| Library of Congress Classification | College Library | College Library | Fiction Section | 09/03/2015 | Donation | PZ 7 .F791 1998 | C19899 | 05/08/2018 | 09/03/2015 | Books |